<?xml version="1.0" encoding="UTF-8"?>
<record
    xmlns:xsi="http://www.w3.org/2001/XMLSchema-instance"
    xsi:schemaLocation="http://www.loc.gov/MARC21/slim http://www.loc.gov/standards/marcxml/schema/MARC21slim.xsd"
    xmlns="http://www.loc.gov/MARC21/slim">

  <leader>00612nam a2200145 i 4500</leader>
  <controlfield tag="001">190222</controlfield>
  <controlfield tag="003">ES-MaACL</controlfield>
  <controlfield tag="005">20230906223653.0</controlfield>
  <controlfield tag="008">200917s1883    fr           |||| | fre d</controlfield>
  <datafield tag="111" ind1="2" ind2=" ">
    <subfield code="a">Exposici&#xF3;n Nacional de Miner&#xED;a, Artes Metal&#xFA;rgicas, Cer&#xE1;mica, Cristaler&#xED;a y Aguas Minerales (</subfield>
    <subfield code="d">1883. </subfield>
    <subfield code="c">Madrid)</subfield>
    <subfield code="9">707</subfield>
  </datafield>
  <datafield tag="245" ind1="1" ind2="0">
    <subfield code="a">Exposition min&#xE9;ralo-m&#xE9;tallurgique de Madrid en 1883 : France : notices sur les cartes et ouvrages expos&#xE9;s par le Minist&#xE8;re des travaux publics.</subfield>
  </datafield>
  <datafield tag="260" ind1=" " ind2=" ">
    <subfield code="a">Paris : </subfield>
    <subfield code="b">Imprimerie Nationale, </subfield>
    <subfield code="c">1883.</subfield>
  </datafield>
  <datafield tag="300" ind1=" " ind2=" ">
    <subfield code="a">137 p. : </subfield>
    <subfield code="b">il. ; </subfield>
    <subfield code="c">cm.</subfield>
  </datafield>
  <datafield tag="852" ind1=" " ind2=" ">
    <subfield code="a">ES-MaACL</subfield>
    <subfield code="j">T-904-F-14</subfield>
  </datafield>
  <datafield tag="999" ind1=" " ind2=" ">
    <subfield code="c">190222</subfield>
    <subfield code="d">190222</subfield>
  </datafield>
  <datafield tag="952" ind1=" " ind2=" ">
    <subfield code="0">0</subfield>
    <subfield code="1">0</subfield>
    <subfield code="4">0</subfield>
    <subfield code="7">0</subfield>
    <subfield code="8">Colecci&#xF3;n_de_folletos</subfield>
    <subfield code="a">ATENEOM</subfield>
    <subfield code="b">ATENEOM</subfield>
    <subfield code="c">DEPOF</subfield>
    <subfield code="d">2005-05-22</subfield>
    <subfield code="e">SC</subfield>
    <subfield code="l">0</subfield>
    <subfield code="o">T-904-F-14</subfield>
    <subfield code="p">1202016</subfield>
    <subfield code="r">2023-02-23 00:00:00</subfield>
    <subfield code="w">2023-02-23</subfield>
    <subfield code="y">FOLLETOS</subfield>
  </datafield>
</record>
